Hematología. (Registro nro. 1110)
[ vista simple ]
| 000 -LEADER | |
|---|---|
| fixed length control field | 01194nam a2200253 a 4500 |
| 008 - CAMPO DE CONTROL (LIBRO) | |
| fixed length control field | 110706s2011 sp il. f |||| 001 0 spa d |
| 020 ## - INTERNATIONAL STANDARD BOOK NUMBER | |
| ISBN | 9789500602617 |
| 041 ## - CODIGO DE IDIOMA | |
| Código de idioma del texto/pista de sonido o título separado | spa |
| 092 ## - SIGNATURA TOPOGRAFICA DEWEY LOCAL | |
| número de clasificación | 616.15 |
| libristica | 26 |
| sección | FRE |
| 100 1# - ENTRADA PRINCIPAL--NOMBRE PERSONAL | |
| Nombre personal | Freund, Mathias |
| 9 (RLIN) | 1816 |
| 245 ## - TITULO PROPIAMENTE DICHO | |
| Título | Hematología. |
| Subtítulo y Título paralelo | Guía práctica para el diagnóstico microscópico / |
| Mención de responsabilidad y remanente de la transcripción de la portada | Mathias Freund |
| 250 ## - MENCION DE EDICION | |
| Mención de edición | 11a ed. revisada |
| Mención de responsabilidad relacionada con la ed. | Traducción María Inés Gismondi |
| 260 ## - PIE DE IMPRENTA | |
| Lugar de publicación, distribución, etc | Buenos Aires: |
| Nombre de la editorial, distribuidor, etc | Editorial Médica Panamericana; |
| Fecha de publicación | 2010. |
| 300 ## - DESCRIPCION FISICA | |
| Extension | 142 p. |
| Otros detalles físicos | il. |
| Dimensiones | 24x17 cm. |
| 500 ## - NOTA GENERAL | |
| Nota general | Freund, M. (2010). Hematología. Guía práctica para el diagnóstico microscópico. (11a ed.). Buenos Aires : Editorial Médica Panamericana. |
| 653 ## - TÉRMINO INDIZADO - PALABRAS CLAVES | |
| Palabra clave | Obtención de los preparados |
| 653 ## - TÉRMINO INDIZADO - PALABRAS CLAVES | |
| Palabra clave | Esquema de las principales estructuras celulares |
| 653 ## - TÉRMINO INDIZADO - PALABRAS CLAVES | |
| Palabra clave | Morfología y composición normal de las células de la sangrey de la médula ósea |
| 653 ## - TÉRMINO INDIZADO - PALABRAS CLAVES | |
| Palabra clave | Diferenciación de las células normales de la sangre y la medula ósea |
| 653 ## - TÉRMINO INDIZADO - PALABRAS CLAVES | |
| Palabra clave | Morfología de los cambios patológicos en la sangre y la médula ósea |
| 653 ## - TÉRMINO INDIZADO - PALABRAS CLAVES | |
| Palabra clave | Tumores sólidos en la médula ósea |
| 653 ## - TÉRMINO INDIZADO - PALABRAS CLAVES | |
| Palabra clave | Métodos de tinción y técnicas inmunocitológicas |
| 942 ## - ADDED ENTRY ELEMENTS (KOHA) | |
| Source of classification or shelving scheme | Dewey Decimal Classification |
| Item type | Libros |
| Estado de retiro | Existencia | Fuente de clasificación | Estado general | No para prestamo | Colección | Ubicación permanente | ubicación actual | Sala de ubicación | Fecha de adquisición | Total Checkouts | Número de clasificación | Código de barras | Date last seen | Número de ejemplar | Price effective from | Koha tipo de elemento (item) | Public note | Date last borrowed |
|---|---|---|---|---|---|---|---|---|---|---|---|---|---|---|---|---|---|---|
| Dewey Decimal Classification | Reference | Biblioteca Medicina | Biblioteca Medicina | Referencia | 10/10/2012 | 616.15 26 FRE | 2640 | 06/11/2014 | ej.1 | 10/10/2012 | Reference | LIBRO DE CONSULTA. COMPRA PROMED, OCTUBRE 2012 | ||||||
| Dewey Decimal Classification | Biblioteca Medicina | Biblioteca Medicina | Circulación | 10/10/2012 | 5 | 616.15 26 FRE | 2641 | 02/08/2023 | ej.2 | 10/10/2012 | Libros | COMPRA PROMED, OCTUBRE 2012 | 24/07/2023 |